Top 15 Countries with Covid-19 Cases - 27 Feb 2021 - Statistics

General Stats
  • This quiz has been taken 23 times
  • The average score is 15 of 27
Answer Stats
country % Correct
United States
100%
United Kingdom
95%
Brazil
90%
India
90%
France
86%
Germany
86%
Spain
86%
Italy
81%
Mexico
76%
Russia
71%
Poland
67%
Sweden
67%
Iran
62%
Argentina
57%
Portugal
57%
Netherlands
52%
Turkey
52%
Belgium
43%
Switzerland
43%
Colombia
38%
Lithuania
29%
Czechia
24%
Slovenia
24%
Israel
19%
Panama
14%
Bahrain
10%
Georgia
10%
No matching quizzes found
Score Distribution
Percent of People with Each Score
Percentile by Number Answered
Your Score History
You have not taken this quiz